Country Balances Quiz Stats

 Plays Quiz Updated Oct 23, 2018

Challenge
Share
Tweet
Embed
Score 0/30 Timer 05:00
18 Plays Today
Balance ($Billion) Country % Correct
-$484.1United States
99.4%
$293.2China
97.1%
$137.5Japan
91.6%
-$123.5United Kingdom
91.4%
$285.2Germany
91.1%
$65.8Russia
89.9%
-$58.9Brazil
84.1%
$38.7Italy
83.9%
-$26.2India
83.6%
-$56.2Australia
79.1%
$29.2Sweden
78.3%
-$32.4Mexico
77.3%
$16.5Spain
76.7%
$35.0Norway
69.3%
-$16.1Argentina
67.5%
Balance ($Billion) Country % Correct
$105.9South Korea
65.6%
$75.8Switzerland
61.9%
-$41.5Saudi Arabia
61.4%
$20.3Denmark
57%
-$32.2Turkey
56.4%
-$17.8Indonesia
52.6%
$81.0Netherlands
50.9%
-$19.0Colombia
44.7%
$34.8Thailand
43.5%
-$18.2Venezuela
41%
$57.6Singapore
28.5%
-$51.4Canada
26.3%
-$16.7Libya
25.8%
-$27.0Algeria
21.6%
$76.2Taiwan
11.6%

You're not logged in!

Compare scores with friends on all Sporcle quizzes.
OR
Log In

You Might Also Like...

Show Comments

Extras

Top Quizzes Today


Score Distribution

Your Account Isn't Verified!

In order to create a playlist on Sporcle, you need to verify the email address you used during registration. Go to your Sporcle Settings to finish the process.

Report this User

Report this user for behavior that violates our Community Guidelines.

Details: